• 首页
  • 本馆介绍
  • 公告通知
  • 最新文献
  • 馆藏检索
  • 电子资源
  • 读者导购
  • 参考咨询
  • 我的图书馆
  • 登录
  • 详细信息显示
  • 放入我的书架
  • 预约/预借图书
  • 作者相关作品
  • 分类相关作品
  • 丛书相关作品
  • 出版社相关作品

书目信息

  • 表格格式
  • 工作单格式
  • 卡片格式
题名:
赛博空间与文学存在方式的嬗变
    
 
作者: 张屹 著
分册:  
出版信息: 北京   中国社会科学出版社  2018
页数: 255页
开本: 24cm
丛书名:
单 册:
中图分类: I106.999
科图分类:
主题词: 网络文学--文学研究--世界
电子资源:
ISBN: 978-7-5203-1951-5
000 00831nam0 2200241 450
001 012001004437
005 20140928162349.0
010    @a978-7-5203-1951-5@dCNY69.00
100    @a20180513d2018 em y0chiy50 ea
101 0  @achi
102    @aCN@b110000
105    @ay z 000yy
106    @ar
200 1  @a赛博空间与文学存在方式的嬗变@9sai bo kong jian yu wen xue cun zai fang shi de shan bian@f张屹著
210    @a北京@c中国社会科学出版社@d2018
215    @a255页@d24cm
300    @a闽南师范大学学术专著出版基金资助
330    @a本书共五章,内容包括:写作主体的转化、读者功能的演变、文本的重构、交互叙事、赛博空间和文学研究的新视野。
606 0  @a网络文学@x文学研究@y世界
690    @aI106.999@v5
701  0 @a张屹@9zhang yi@c(女,@f1980.9-)@4著
801  0 @aCN@b上海新华@c20180901
905    @b1170589-93@dI106.999@e276@f5
    
    赛博空间与文学存在方式的嬗变/张屹著.-北京:中国社会科学出版社,2018
    255页;24cm
    闽南师范大学学术专著出版基金资助
    
    ISBN 978-7-5203-1951-5:CNY69.00
    本书共五章,内容包括:写作主体的转化、读者功能的演变、文本的重构、交互叙事、赛博空间和文学研究的新视野。
●
相关链接 在E读中查询图书 在五车中查询图书 在当当中查询图书 在豆瓣中查询图书


正题名:赛博空间与文学存在方式的嬗变     索取号:I106.999/276         预约/预借

序号 登录号 条形码 馆藏地/架位号 状态 备注
1 1170589   211705895   第一样本阅览室/ [索取号:I106.999/276] 在馆    
2 1170590   211705902   密集书库-文学院/ [索取号:I106.999/276] 在馆    
3 1170591   211705911   第二借阅区/ [索取号:I106.999/276] 在馆    
4 1170592   211705920   第二借阅区/ [索取号:I106.999/276] 在馆    
5 1170593   211705939   第二借阅区/ [索取号:I106.999/276] 在馆    
唐山师范学院图书馆 欢迎您!
大连网信软件有限公司© 版权所有